A tüdővész leküzdése Magyarországon

Elmentve itt :
Bibliográfiai részletek
Szerző: Hollós József
Dokumentumtípus: Könyv
Megjelent: A Szeged kiadása Szeged, Magyarország 1911
Kulcsszavak:Tuberkulózis, Tüdőbetegségek
Tárgyszavak:
Online Access:http://misc.bibl.u-szeged.hu/57798
LEADER 00777nam a2200217 i 4500
001 misc57798
005 20210518192939.0
008 210518s1911 hu o 0|| hun d
040 |a SZTE Miscellanea Repozitórium  |b hun 
041 |a hun 
100 1 |a Hollós József 
245 1 2 |a A tüdővész leküzdése Magyarországon  |h [elektronikus dokumentum] /  |c  Hollós József 
260 |a A Szeged kiadása  |b Szeged, Magyarország  |c 1911 
300 |a 16 p.  |c 23 cm 
650 4 |a Orvos- és egészségtudomány 
650 4 |a Klinikai orvostan 
650 4 |a Bölcsészettudományok 
650 4 |a Történettudomány és régészet 
650 4 |a Történettudomány 
695 |a Tuberkulózis, Tüdőbetegségek 
856 4 0 |u http://misc.bibl.u-szeged.hu/57798/1/xb_105709.pdf  |z Dokumentum-elérés